[Event "Detroit (MI Op/3/35)"]
[Site "?"]
[Date "1994.??.??"]
[Round "?"]
[White "Smith, Mike A"]
[Black "Jendras, Gerard"]
[Result "0-1"]
[WhiteElo "1975"]
[BlackElo "1840"]
[PlyCount "62"]
[EventDate "1994.??.??"]

{3/(35)} 1. e4 e5 2. Nf3 Nc6 3. Bb5 a6 4. Ba4 Nf6 5. O-O Be7 6. Re1 b5 7. Bb3
O-O 8. c3 d5 9. exd5 Nxd5 10. Nxe5 Nxe5 11. Rxe5 c6 12. d4 Bd6 13. Re1 Qh4 14.
g3 Qh3 15. Be3 Bg4 16. Qd3 Rae8 17. a4 Re6 18. Bxd5 cxd5 19. axb5 axb5 20. Qxb5
Bxg3 21. fxg3 Rfe8 22. Qxd5 Rh6 23. Qg2 Qh5 24. Ra8 Rhe6 25. Bd2 Rxe1+ 26. Bxe1
Bc8 27. Qd2 Qf3 28. Rb8 g6 29. Bf2 Bh3 30. Rxe8+ Kg7 31. Be3 Qf1# 0-1

[Event "Grand Rapids (MI Am/2/2)"]
[Site "?"]
[Date "1994.??.??"]
[Round "?"]
[White "Smith, Mike A"]
[Black "Hencir, Edward"]
[Result "1-0"]
[WhiteElo "1955"]
[BlackElo "1725"]
[PlyCount "53"]
[EventDate "1994.??.??"]

{2/(2)} 1. e4 c5 2. Nf3 e6 3. d4 cxd4 4. Nxd4 a6 5. Nc3 d6 6. Bc4 Qc7 7. Bb3 h6
8. Be3 Nc6 9. f4 Nf6 10. Qf3 Be7 11. O-O-O O-O 12. Nxc6 bxc6 13. g4 Nh7 14. h4
Bb7 15. g5 Kh8 16. f5 e5 17. Rdg1 c5 18. gxh6 gxh6 19. Bxh6 Bf6 20. Bd5 Bxd5
21. Nxd5 Qd8 22. Qh5 Rg8 23. Bg5 Bxg5+ 24. hxg5 Rg7 25. Nf6 Qxf6 26. gxf6 Rxg1+
27. Rxg1 1-0

[Event "Eastpointe (EDO/3/5)"]
[Site "?"]
[Date "1994.??.??"]
[Round "?"]
[White "Smith, Mike A"]
[Black "Everett, Morgan"]
[Result "1/2-1/2"]
[WhiteElo "1955"]
[BlackElo "2160"]
[PlyCount "109"]
[EventDate "1994.??.??"]

{3/(5)} 1. e4 e5 2. Nf3 Nc6 3. Bb5 a6 4. Ba4 Nf6 5. O-O Be7 6. Re1 b5 7. Bb3
O-O 8. c3 d6 9. d4 Bg4 10. Be3 Na5 11. Nbd2 Nxb3 12. Qxb3 Nd7 13. a4 Qb8 14.
axb5 Qxb5 15. Qc2 a5 16. Ra2 c5 17. Rea1 cxd4 18. cxd4 Rfb8 19. Qc3 Bxf3 20.
Nxf3 a4 21. Qc2 h6 22. h3 Rc8 23. Qd1 Nf6 24. Nd2 exd4 25. Bxd4 Qd3 26. Bxf6
Bxf6 27. Nf3 Qxe4 28. Rxa4 Rxa4 29. Rxa4 Qc2 30. Qxc2 Rxc2 31. Ra6 d5 32. Rd6
d4 33. g3 Rxb2 34. Nxd4 Rd2 35. Nf5 Rxd6 36. Nxd6 Be5 37. Ne4 f5 38. Nd2 Kf7
39. Kg2 Ke6 40. f4 Bc3 41. Nf3 Kd5 42. h4 Bb2 43. Nh2 Ke4 44. Nf3 Bc1 45. Nh2
Bxf4 46. gxf4 Kxf4 47. Kf2 g5 48. hxg5 hxg5 49. Kg2 g4 50. Nf1 Kg5 51. Kf2 f4
52. Nd2 Kf5 53. Kg2 Ke5 54. Nf1 Ke4 55. Nh2 1/2-1/2

[Event "Flint (MI Coll/1)"]
[Site "?"]
[Date "1994.??.??"]
[Round "?"]
[White "Smith, Mike A"]
[Black "Brewer, M."]
[Result "0-1"]
[WhiteElo "1875"]
[BlackElo "1605"]
[PlyCount "84"]
[EventDate "1994.??.??"]

1. d4 Nf6 2. Nf3 d6 3. e3 Nbd7 4. Bd3 e5 5. Nbd2 Be7 6. O-O O-O 7. Re1 Re8 8.
c3 c6 9. Qc2 h6 10. h3 Qc7 11. dxe5 dxe5 12. e4 Bc5 13. Nb3 Rd8 14. Nxc5 Nxc5
15. Bc4 Be6 16. Bxe6 Nxe6 17. Be3 Rd7 18. Rad1 Rad8 19. Rxd7 Rxd7 20. Re2 b6
21. Rd2 Rxd2 22. Nxd2 Nd8 23. Qd3 Nb7 24. Nc4 Qd7 25. Nxe5 Qxd3 26. Nxd3 Nxe4
27. Nb4 Nd8 28. Bf4 a5 29. Na6 Ne6 30. Be3 c5 31. f3 Nf6 32. b4 Nd5 33. Bd2
axb4 34. cxb4 c4 35. a4 Nd4 36. a5 bxa5 37. bxa5 c3 38. Bc1 Nb3 39. Ba3 c2 40.
Nb8 Nxa5 41. Kf1 Nb3 42. Ke2 c1=Q 0-1

[Event "Grand Rapids (MI Am/3/33)"]
[Site "?"]
[Date "1994.??.??"]
[Round "?"]
[White "Smith, J."]
[Black "Smith, F."]
[Result "1-0"]
[WhiteElo "1605"]
[BlackElo "1605"]
[PlyCount "101"]
[EventDate "1994.??.??"]

{3/(33)} 1. d4 d5 2. c4 c6 3. Nf3 Nf6 4. Nc3 e6 5. Bg5 Be7 6. h3 Nbd7 7. Qc2 a6
8. e4 dxe4 9. Nxe4 Nxe4 10. Bxe7 Qxe7 11. Qxe4 Nf6 12. Qc2 O-O 13. Bd3 Bd7 14.
Ng5 g6 15. h4 Rfe8 16. h5 Nxh5 17. Nxh7 Kxh7 18. Rxh5+ Kg8 19. Rh2 Qg5 20. Qc3
e5 21. d5 Bg4 22. Qd2 Qxd2+ 23. Kxd2 e4 24. Bc2 Rad8 25. Rh4 Bc8 26. Bxe4 cxd5
27. Bxd5 Be6 28. Re1 Kg7 29. Kc3 Bxd5 30. Rxe8 Rxe8 31. cxd5 Kf6 32. Kd4 Re2
33. Rf4+ Ke7 34. Re4+ Rxe4+ 35. Kxe4 Kd6 36. g4 f6 37. b4 b6 38. a3 a5 39. b5
a4 40. Kd4 Kc7 41. g5 fxg5 42. Ke5 Kd7 43. Kf6 g4 44. Kxg6 Kd6 45. Kf5 Kxd5 46.
Kxg4 Kc5 47. f4 Kxb5 48. f5 Kc4 49. f6 Kb3 50. f7 Kxa3 51. f8=Q+ 1-0

[Event "Grand Rapids (MI Am/1/34)"]
[Site "?"]
[Date "1994.??.??"]
[Round "?"]
[White "Smith, J."]
[Black "Neely, Richard"]
[Result "1/2-1/2"]
[WhiteElo "1605"]
[BlackElo "1605"]
[PlyCount "119"]
[EventDate "1994.??.??"]

{1/(34)} 1. d4 Nf6 2. c4 c5 3. Nf3 b5 4. g3 bxc4 5. Bg2 Bb7 6. O-O g6 7. Nc3
Bg7 8. dxc5 Qc7 9. Be3 O-O 10. Rc1 Na6 11. Na4 Rad8 12. Rxc4 d6 13. Qc1 Bd5 14.
cxd6 Qxd6 15. Rd1 e6 16. Nc5 Nxc5 17. Bxc5 Qb8 18. Rb4 Qa8 19. Bxf8 Bxf8 20.
Rbd4 Rc8 21. Qd2 Ne4 22. Rxe4 Bxe4 23. Ne1 Bxg2 24. Nxg2 a5 25. a3 Be7 26. e3
Rd8 27. Qe2 Rb8 28. Ne1 Bf6 29. Nd3 Qb7 30. b4 axb4 31. Nc5 Qb5 32. Qxb5 Rxb5
33. axb4 Rxb4 34. Kg2 Be7 35. Nd3 Rb6 36. f4 Rd6 37. Kf3 f5 38. Nf2 Rxd1 39.
Nxd1 Kf7 40. Nf2 h6 41. g4 Bh4 42. Nd3 g5 43. h3 Kg6 44. Ne5+ Kf6 45. Nd7+ Ke7
46. Ne5 Kf6 47. Nc6 Be1 48. e4 fxe4+ 49. Kxe4 gxf4 50. Kxf4 Bd2+ 51. Ke4 Bg5
52. Nd4 e5 53. Nf3 Bf4 54. h4 Bg3 55. h5 Bf4 56. Nh4 Kg5 57. Nf5 Kxg4 58. Nxh6+
Kxh5 59. Nf7 Kg6 60. Nxe5+ 1/2-1/2

[Event "Grand Rapids (MI Am/5/28)"]
[Site "?"]
[Date "1994.??.??"]
[Round "?"]
[White "Smith, J."]
[Black "Lueer, Michael"]
[Result "1-0"]
[WhiteElo "1605"]
[BlackElo "1605"]
[PlyCount "75"]
[EventDate "1994.??.??"]

{5/(28)} 1. d4 g6 2. c4 Bg7 3. Nc3 Nc6 4. Nf3 d6 5. e4 e5 6. d5 Nd4 7. Nxd4
exd4 8. Nb5 Nf6 9. Bg5 c5 10. dxc6 bxc6 11. Nxd4 Qa5+ 12. Bd2 Qe5 13. Nxc6
Qxe4+ 14. Qe2 Kd7 15. Qxe4 Nxe4 16. Bd3 Bb7 17. Bxe4 Bxc6 18. Bxc6+ Kxc6 19.
O-O-O Rab8 20. b3 Rhe8 21. Rhe1 Re5 22. Bf4 Rbe8 23. Bxe5 Rxe5 24. Rxe5 Bxe5
25. g3 f5 26. Kc2 h5 27. f4 Bf6 28. b4 g5 29. Rd5 gxf4 30. Rxf5 Be7 31. Rxf4 d5
32. cxd5+ Kxd5 33. Rf5+ Kc4 34. Rxh5 Bxb4 35. Rh4+ Kb5 36. Rxb4+ Kxb4 37. h4
Ka3 38. Kb1 1-0

[Event "Grand Rapids (MI Am/4/37)"]
[Site "?"]
[Date "1994.??.??"]
[Round "?"]
[White "Smith, F."]
[Black "Timberlake, B."]
[Result "1-0"]
[WhiteElo "1605"]
[BlackElo "1605"]
[PlyCount "63"]
[EventDate "1994.??.??"]

{4/(37)} 1. d4 e6 2. Nf3 Nf6 3. Bf4 c5 4. c3 d5 5. e3 c4 6. Be2 Ne4 7. Nbd2 Bd7
8. O-O g5 9. Bxb8 Qxb8 10. Nxe4 dxe4 11. Ne5 Bb5 12. Nxc4 Bxc4 13. Bxc4 Bd6 14.
g3 Ke7 15. d5 h5 16. dxe6 Qc7 17. Bb3 h4 18. Qg4 f6 19. Rad1 Rad8 20. Rc1 hxg3
21. fxg3 Rh6 22. Rf2 Bc5 23. Qxe4 Rd6 24. Re1 Qd8 25. Qxb7+ Rd7 26. exd7 Kd6
27. Qd5+ Ke7 28. Qxc5+ Kxd7 29. Rd1+ Ke8 30. Qc6+ Ke7 31. Qe6+ Kf8 32. Rxd8+
1-0

[Event "Eastpointe (MI Action/3/11)"]
[Site "?"]
[Date "1994.??.??"]
[Round "?"]
[White "Smith, F."]
[Black "Rosenberg, Steve"]
[Result "0-1"]
[WhiteElo "1605"]
[BlackElo "1815"]
[PlyCount "89"]
[EventDate "1994.??.??"]

{3/(11)} 1. e4 d5 2. e5 Bf5 3. d4 e6 4. Bd3 Bg6 5. Bxg6 hxg6 6. Nf3 Nh6 7. Bxh6
gxh6 8. Nc3 Nc6 9. a3 Ne7 10. Qd3 Nf5 11. O-O c6 12. Na4 b5 13. Nc5 Bxc5 14.
dxc5 O-O 15. b4 Kg7 16. Nd4 Nxd4 17. Qxd4 Qg5 18. f4 Qf5 19. Qd2 h5 20. Kh1 h4
21. Qc3 Rh8 22. Rf2 h3 23. g3 Qe4+ 24. Kg1 Rhd8 25. Raf1 a6 26. Qb2 Qe3 27. c3
a5 28. Kh1 Qe4+ 29. Kg1 axb4 30. axb4 Ra7 31. Qe2 Qxe2 32. Rxe2 Rda8 33. Rc1
Kh6 34. Rec2 Kh5 35. Kf2 Kg4 36. Ke3 Ra2 37. Kf2 R8a3 38. Rxa2 Rxa2+ 39. Kg1
Kf3 40. Rf1+ Ke3 41. Re1+ Kd3 42. Rc1 Kd2 43. Rf1 Kxc3 44. g4 Kxb4 45. f5 0-1

[Event "Grand Rapids (MI Am/5/31)"]
[Site "?"]
[Date "1994.??.??"]
[Round "?"]
[White "Smith, F."]
[Black "Klein, N."]
[Result "1/2-1/2"]
[WhiteElo "1605"]
[BlackElo "1605"]
[PlyCount "82"]
[EventDate "1994.??.??"]

{5/(31)} 1. d4 d5 2. Nf3 Bf5 3. Bf4 Nf6 4. e3 Nc6 5. a3 e6 6. Bb5 Qd7 7. Ne5
Qd8 8. Nd2 Bd6 9. O-O O-O 10. Ndf3 Ng4 11. Nxg4 Bxg4 12. Be2 Qf6 13. Bxd6 cxd6
14. Nd2 Bxe2 15. Qxe2 e5 16. c3 exd4 17. cxd4 Rae8 18. Qd3 b5 19. Qxb5 Rb8 20.
Qxc6 Rxb2 21. Nf3 Qe6 22. Qc3 Rfb8 23. Qd3 Rc8 24. Rac1 h5 25. Rxc8+ Qxc8 26.
Ng5 g6 27. e4 Qg4 28. Qg3 dxe4 29. Qxg4 hxg4 30. Nxe4 Kg7 31. Nxd6 Rd2 32. Nb5
a6 33. Nc3 Rxd4 34. a4 Rc4 35. Ne2 Rxa4 36. f3 gxf3 37. Rxf3 Re4 38. Kf2 a5 39.
Nc3 Rc4 40. h3 a4 41. Nxa4 Rxa4 1/2-1/2

[Event "Grand Rapids (MI Am/1/6)"]
[Site "?"]
[Date "1994.??.??"]
[Round "?"]
[White "Smith, F."]
[Black "Gatchalian, F."]
[Result "0-1"]
[WhiteElo "1605"]
[BlackElo "1910"]
[PlyCount "56"]
[EventDate "1994.??.??"]

{1/(6)} 1. e4 c5 2. Nf3 d6 3. d3 Nc6 4. Bf4 Qb6 5. Qc1 g6 6. Nbd2 Bg7 7. c3 Qd8
8. Be2 Bd7 9. O-O b5 10. a3 e5 11. Be3 Rb8 12. Qc2 Nge7 13. Bg5 h6 14. Be3 Be6
15. Rac1 f5 16. exf5 gxf5 17. Nb1 f4 18. Bd2 Na5 19. b4 Nb3 20. Rce1 Nf5 21. c4
Nbd4 22. Nxd4 Nxd4 23. Bh5+ Kf8 24. Qa2 Qg5 25. Be2 Bh3 26. g3 Nxe2+ 27. Rxe2
Qh5 28. Rfe1 Qf3 0-1

[Event "Eastpointe (MI Action/6/10)"]
[Site "?"]
[Date "1994.??.??"]
[Round "?"]
[White "Smith, F."]
[Black "Calton, David A"]
[Result "0-1"]
[WhiteElo "1605"]
[BlackElo "1880"]
[PlyCount "74"]
[EventDate "1994.??.??"]

{6/(10)} 1. e4 d6 2. d4 g6 3. Nf3 Bg7 4. Nc3 Nc6 5. Be2 e5 6. d5 Nce7 7. O-O f5
8. exf5 Nxf5 9. Bd2 Nf6 10. Ng5 h6 11. Bb5+ Ke7 12. Nf3 Rf8 13. Re1 Kf7 14. Bd3
Kg8 15. Bxf5 Bxf5 16. Be3 Qe7 17. Qd2 Kh7 18. Nh4 Ng4 19. Nxf5 gxf5 20. Rf1 a6
21. f4 e4 22. Rab1 Bf6 23. h3 Nxe3 24. Qxe3 Qg7 25. Kh1 Rg8 26. Qe2 b6 27. a3
Bxc3 28. bxc3 Qxc3 29. Qh5 Qf6 30. Rf2 Rg3 31. Rbf1 Rag8 32. Rg1 Qg6 33. Qh4
Qg7 34. Qh5 Qf6 35. Qe2 Qg6 36. Qxa6 Rxh3+ 37. gxh3 Qxg1# 0-1

[Event "Eastpointe (MI Action/1/4)"]
[Site "?"]
[Date "1994.??.??"]
[Round "?"]
[White "Smith, F."]
[Black "Calton, Bill"]
[Result "0-1"]
[WhiteElo "1605"]
[BlackElo "2220"]
[PlyCount "56"]
[EventDate "1994.??.??"]

{1/(4)} 1. d4 e5 2. dxe5 Nc6 3. Nf3 Qe7 4. Bf4 Qb4+ 5. Bd2 Qxb2 6. Nc3 Nb4 7.
Rc1 Bc5 8. e3 Nxa2 9. Nxa2 Qxa2 10. Be2 Ne7 11. O-O O-O 12. Bd3 d6 13. exd6
cxd6 14. Ng5 Bf5 15. Bxf5 Nxf5 16. Qh5 h6 17. Ne4 Qe6 18. Nxc5 dxc5 19. Qf3 b5
20. Rfe1 a5 21. e4 Nd4 22. Qg3 a4 23. Bf4 a3 24. Bd2 b4 25. e5 a2 26. f4 Nxc2
27. f5 Qxf5 28. Bxh6 Qg6 0-1

[Event "Eastpointe (US Am N/4/22)"]
[Site "?"]
[Date "1994.??.??"]
[Round "?"]
[White "Smith, Ed"]
[Black "Walquist, Elaine"]
[Result "1-0"]
[WhiteElo "1835"]
[BlackElo "1605"]
[PlyCount "79"]
[EventDate "1994.??.??"]

{4/(22)} 1. c4 c5 2. g3 Nc6 3. Bg2 g6 4. Nc3 Bg7 5. Nf3 Nf6 6. O-O O-O 7. d3 d6
8. e4 Bg4 9. h3 Bxf3 10. Bxf3 Nd4 11. Bg2 Rb8 12. Ne2 Nxe2+ 13. Qxe2 e5 14. g4
Qd7 15. b3 Kh8 16. Bb2 Bh6 17. f4 Qe7 18. g5 Bxg5 19. fxg5 Nh5 20. Qg4 b6 21.
Rf2 Kg8 22. Bc1 Rb7 23. Be3 Rc7 24. h4 Rd7 25. Bh3 Rc7 26. Raf1 Qe8 27. Qg2 Kh8
28. Bg4 Ng7 29. Qh3 Rg8 30. Rf6 h5 31. gxh6 Ne6 32. Bxe6 fxe6 33. Qxe6 Re7 34.
Qg4 Kh7 35. Rxd6 Rf8 36. Rff6 Rxf6 37. Rxf6 Rd7 38. h5 gxh5 39. Qf5+ Kh8 40.
Rf8+ 1-0

[Event "Detroit (Class A/5/6)"]
[Site "?"]
[Date "1994.??.??"]
[Round "?"]
[White "Smith, Ed"]
[Black "Taylor, E."]
[Result "1/2-1/2"]
[WhiteElo "1820"]
[BlackElo "1885"]
[PlyCount "68"]
[EventDate "1994.??.??"]

{5/(6)} 1. c4 Nf6 2. Nf3 g6 3. g3 Bg7 4. Bg2 O-O 5. O-O d5 6. cxd5 Nxd5 7. Nc3
Nxc3 8. dxc3 Nc6 9. Qb3 Rb8 10. Rd1 Qe8 11. Be3 b6 12. Rd2 Na5 13. Qd5 Be6 14.
Qe4 Nc4 15. Rc2 Bf5 16. Qxc4 Bxc2 17. Qxc7 Qb5 18. Nd4 Qxb2 19. Nxc2 Qxc2 20.
Qxa7 Qxc3 21. Rc1 Qb2 22. Bf3 Bd4 23. Bh6 Rfd8 24. Qxe7 Qxa2 25. e3 Bg7 26. Bf4
Rbc8 27. Rxc8 Rxc8 28. Qb7 Qb1+ 29. Kg2 Rf8 30. Bc6 Bc3 31. Bh6 Be1 32. Bxf8
Kxf8 33. Qb8+ Kg7 34. Qe5+ Kg8 1/2-1/2

[Event "Detroit (Class A/2/14)"]
[Site "?"]
[Date "1994.??.??"]
[Round "?"]
[White "Smith, Ed"]
[Black "Skidmore, Mike"]
[Result "1/2-1/2"]
[WhiteElo "1820"]
[BlackElo "1920"]
[PlyCount "100"]
[EventDate "1994.??.??"]

{2/(14)} 1. c4 c6 2. Nf3 Nf6 3. d4 d5 4. e3 e6 5. c5 Nbd7 6. b4 Be7 7. Bb2 O-O
8. Bd3 b5 9. Nbd2 a5 10. a3 Bb7 11. O-O Qc7 12. Qc2 h6 13. h3 Nb8 14. Bc3 axb4
15. axb4 Na6 16. Ra2 Ra7 17. Rfa1 Rfa8 18. Qb2 Qb8 19. Ne5 Bf8 20. Ra3 Qc7 21.
R1a2 Nd7 22. f4 Nxe5 23. fxe5 Be7 24. e4 Qb8 25. exd5 exd5 26. Nf3 Nc7 27. Qa1
Rxa3 28. Rxa3 Rxa3 29. Qxa3 Qa8 30. Qxa8+ Bxa8 31. Kf2 Bb7 32. g3 Bg5 33. Nxg5
hxg5 34. Bf5 Kf8 35. Bd2 f6 36. exf6 gxf6 37. h4 gxh4 38. gxh4 Ne8 39. Kf3 Kf7
40. h5 Ng7 41. Bg6+ Kg8 42. Be1 Ne6 43. Ke3 Kg7 44. Bg3 Nf8 45. Be8 Ne6 46. Bf4
Ng5 47. Bxg5 fxg5 48. Kf3 Kh6 49. Kg4 Bc8+ 50. Kg3 Bb7 1/2-1/2

[Event "Detroit (Class A/1/12)"]
[Site "?"]
[Date "1994.??.??"]
[Round "?"]
[White "Smith, Ed"]
[Black "Lou, M."]
[Result "0-1"]
[WhiteElo "1820"]
[BlackElo "1920"]
[PlyCount "100"]
[EventDate "1994.??.??"]

{1/(12)} 1. c4 e6 2. d4 d5 3. cxd5 exd5 4. Nc3 Be7 5. Bf4 Nf6 6. e3 O-O 7. Nf3
Bf5 8. Bd3 Bxd3 9. Qxd3 c6 10. O-O Nbd7 11. h3 Re8 12. a3 a5 13. Ne5 Bf8 14.
Rac1 Nxe5 15. Bxe5 Nd7 16. Bg3 Nb6 17. a4 Nc4 18. b3 Nd6 19. Rfe1 Qd7 20. f3 f5
21. Re2 Re6 22. Be5 Rae8 23. f4 Ne4 24. Nxe4 fxe4 25. Qd1 Rg6 26. g4 h5 27. Rg2
hxg4 28. hxg4 Rh6 29. Qe1 Bb4 30. Qg3 Kf7 31. Rcc2 Reh8 32. Rh2 Qc8 33. f5 Be7
34. Rxh6 Rxh6 35. Rh2 Qh8 36. Rxh6 Qxh6 37. Bf4 Qh4 38. Kg2 Qxg3+ 39. Kxg3 c5
40. dxc5 Bxc5 41. Kf2 Kf6 42. Ke2 Bb4 43. Kd1 Bc3 44. Kc2 Ba1 45. Bc7 Kg5 46.
Bxa5 Kxg4 47. Bc7 d4 48. exd4 Bxd4 49. b4 Kf3 50. Kd2 e3+ 0-1

[Event "Detroit (MI Op/2/38)"]
[Site "?"]
[Date "1994.??.??"]
[Round "?"]
[White "Smith, Ed"]
[Black "Levadi, David"]
[Result "0-1"]
[WhiteElo "1825"]
[BlackElo "1945"]
[PlyCount "88"]
[EventDate "1994.??.??"]

{2/(38)} 1. c4 Nf6 2. Nc3 e6 3. e4 d5 4. e5 d4 5. exf6 dxc3 6. bxc3 Qxf6 7. Qf3
Be7 8. Bd3 Nc6 9. Qxf6 Bxf6 10. Nf3 Bd7 11. Rb1 O-O-O 12. O-O Rhe8 13. Be2 e5
14. Ne1 Bf5 15. Rb5 a6 16. Rd5 Bb1 17. a3 Bf5 18. f4 Bd7 19. fxe5 Nxe5 20. d4
Ng6 21. Bd3 Ne7 22. Ra5 Ng6 23. c5 c6 24. Nf3 h6 25. Bd2 Be6 26. Rb1 Rd7 27.
Be1 Nf4 28. Bxa6 bxa6 29. Rxa6 Kd8 30. Rxc6 Bd5 31. Rb8+ Ke7 32. Rcb6 Rxb8 33.
Rxb8 Ra7 34. Bg3 Ne2+ 35. Kf2 Nxg3 36. Kxg3 Rxa3 37. c4 Bxd4 38. Kf4 g5+ 39.
Kg4 Bxf3+ 40. gxf3 Bxc5 41. Rb2 Rc3 42. Re2+ Kf6 43. Re4 Kg6 44. h4 f5+ 0-1

[Event "Eastpointe (US Am N/3/32)"]
[Site "?"]
[Date "1994.??.??"]
[Round "?"]
[White "Smith, Ed"]
[Black "Anderson, JE."]
[Result "1-0"]
[WhiteElo "1835"]
[BlackElo "1605"]
[PlyCount "73"]
[EventDate "1994.??.??"]

{3/(32)} 1. Nf3 Nf6 2. d4 b6 3. g3 e6 4. Bg2 Bb7 5. O-O Be7 6. c4 O-O 7. Nc3
Ba6 8. b3 Nc6 9. Ne5 Bb7 10. e3 Rb8 11. Nd3 Bd6 12. Nb5 Ne8 13. Nxd6 Nxd6 14.
c5 bxc5 15. Nxc5 Ba8 16. Bd2 Nb4 17. Bxa8 c6 18. Bxb4 Rxb4 19. Bxc6 dxc6 20.
Qf3 Qc8 21. a3 Rb8 22. Rfc1 f5 23. b4 Ne4 24. Nxe4 fxe4 25. Qxe4 Qd7 26. Rxc6
Rbc8 27. Rac1 Rxc6 28. Rxc6 Qf7 29. Qxe6 Qxe6 30. Rxe6 g6 31. Re7 h5 32. Rxa7
Rf7 33. Rxf7 Kxf7 34. b5 Kf6 35. b6 Kf5 36. b7 g5 37. b8=Q 1-0

[Event "Detroit (MI Op/6/36)"]
[Site "?"]
[Date "1994.??.??"]
[Round "?"]
[White "Smith, Daryn"]
[Black "Welch, Joseph"]
[Result "1-0"]
[WhiteElo "1815"]
[BlackElo "1605"]
[PlyCount "93"]
[EventDate "1994.??.??"]

{6/(36)} 1. d4 f5 2. c4 Nf6 3. Nc3 g6 4. Bf4 Bg7 5. Qc2 d6 6. Nf3 O-O 7. e3 Qe8
8. Be2 a6 9. O-O b6 10. b4 Bb7 11. b5 a5 12. Rad1 Nbd7 13. d5 e5 14. Bg3 Nc5
15. Rfe1 Rd8 16. Na4 Nfd7 17. Nd2 Qf7 18. f3 Bh6 19. Bf2 Rde8 20. Nxc5 Nxc5 21.
Nb3 Nd7 22. Rf1 Bc8 23. a4 f4 24. e4 g5 25. Be1 Nf6 26. Nxa5 bxa5 27. Bxa5 g4
28. c5 gxf3 29. Bxf3 Bg4 30. cxd6 cxd6 31. Bb4 Rc8 32. Qd3 Qa7+ 33. Kh1 Rfd8
34. a5 Bf8 35. Ra1 h5 36. Rfb1 Qb8 37. a6 Rd7 38. Ba5 Be7 39. b6 Bd8 40. b7 Rc5
41. Bxd8 Rxd8 42. a7 Qc7 43. a8=Q Nd7 44. Qd1 Rb8 45. Bxg4 Nf6 46. Bf3 Rc2 47.
Qxb8+ 1-0

[Event "Ann Arbor (MLS Oct-Nov)"]
[Site "?"]
[Date "1994.??.??"]
[Round "?"]
[White "Smith, Daryn"]
[Black "Santiago, Reynaldo"]
[Result "1-0"]
[WhiteElo "1815"]
[BlackElo "1995"]
[PlyCount "107"]
[EventDate "1994.??.??"]

1. d4 Nf6 2. c4 g6 3. Nc3 c5 4. Nf3 Bg7 5. e3 O-O 6. Be2 b6 7. O-O Bb7 8. d5 d6
9. Bd2 a6 10. Qc2 b5 11. b3 b4 12. Na4 Nbd7 13. Rad1 Qc7 14. Bc1 Nb6 15. Nb2 e5
16. e4 Bc8 17. h3 a5 18. Rfe1 Bd7 19. Bf1 a4 20. Nh2 axb3 21. axb3 Ra2 22. Bd3
Nh5 23. Nf1 Nf4 24. Ng3 Qc8 25. Bf1 h5 26. Ne2 h4 27. Qb1 Ra7 28. Nxf4 exf4 29.
Bxf4 Qc7 30. Bg5 Rfa8 31. Qc2 Ra2 32. Rb1 Bc3 33. Re2 f5 34. f3 fxe4 35. fxe4
Bd4+ 36. Kh1 Rf8 37. Qd1 Be8 38. Nd3 Ra3 39. Nf4 Bf7 40. Bxh4 Nd7 41. Rc2 Ne5
42. Ne2 Be3 43. Be1 Bxd5 44. Qxd5+ Kh7 45. Bg3 Qe7 46. Ng1 Rxb3 47. Rxb3 Qg5
48. Bxe5 dxe5 49. Qd3 Bf4 50. g4 Rd8 51. Qe2 Qh4 52. Nf3 Qe7 53. Rcb2 Rd7 54.
Rd3 1-0

[Event "Detroit (MI Op/5/39)"]
[Site "?"]
[Date "1994.??.??"]
[Round "?"]
[White "Smith, Daryn"]
[Black "June, Brian"]
[Result "1-0"]
[WhiteElo "1815"]
[BlackElo "1865"]
[PlyCount "81"]
[EventDate "1994.??.??"]

{5/(39)} 1. d4 Nf6 2. c4 g6 3. Nc3 Bg7 4. e4 d6 5. f3 O-O 6. Be3 e5 7. Nge2
Nbd7 8. Qd2 exd4 9. Nxd4 Ne5 10. O-O-O a6 11. Kb1 Bd7 12. Be2 Rb8 13. g4 b5 14.
cxb5 axb5 15. g5 Nh5 16. f4 Nc4 17. Bxc4 bxc4 18. Rhg1 Qc8 19. Rdf1 Qb7 20. f5
Be5 21. f6 c5 22. Nf3 Bf4 23. Rf2 Bxe3 24. Qxe3 Rfe8 25. Qc1 Bc6 26. Nd2 Re6
27. Rd1 Rbe8 28. Nxc4 Bxe4+ 29. Ka1 d5 30. Nxe4 dxe4 31. Nd6 Qb4 32. Nxe8 Rxe8
33. Rc2 e3 34. Rxc5 Nf4 35. Re5 Ne6 36. Rxe3 Qf4 37. Re2 Qb8 38. Rde1 Kf8 39.
a3 Qd8 40. Qc3 Qb8 41. Qh3 1-0

[Event "Detroit (Class A/1/8)"]
[Site "?"]
[Date "1994.??.??"]
[Round "?"]
[White "Smith, Daryn"]
[Black "Jendras, Gerard"]
[Result "1-0"]
[WhiteElo "1835"]
[BlackElo "1940"]
[PlyCount "57"]
[EventDate "1994.??.??"]

{1/(8)} 1. e4 e5 2. Nf3 Nc6 3. Bb5 Bc5 4. O-O Nge7 5. c3 O-O 6. d4 exd4 7. cxd4
Bb6 8. Nc3 h6 9. Bf4 d6 10. h3 a6 11. Ba4 Ng6 12. Bg3 Bd7 13. Rc1 Re8 14. Re1
Ba5 15. Re2 Bxc3 16. Rxc3 Rc8 17. a3 Qe7 18. Bc2 b5 19. Rce3 Qf8 20. e5 dxe5
21. Bxg6 fxg6 22. Nxe5 Nxe5 23. Bxe5 c6 24. Qd2 g5 25. Qa5 Re6 26. Qxa6 c5 27.
Qa7 Qd8 28. dxc5 Bc6 29. Qxg7# 1-0

[Event "Detroit (Class A/4/13)"]
[Site "?"]
[Date "1994.??.??"]
[Round "?"]
[White "Smith, Daryn"]
[Black "Emke, Robert"]
[Result "1/2-1/2"]
[WhiteElo "1835"]
[BlackElo "1895"]
[PlyCount "79"]
[EventDate "1994.??.??"]

{4/(13)} 1. d4 e6 2. c4 f5 3. Nc3 Nf6 4. Nf3 d5 5. e3 c6 6. Bd2 Bd6 7. Rc1 Nbd7
8. Qc2 Ne4 9. cxd5 exd5 10. Bd3 O-O 11. O-O Qe8 12. Ne2 Ndf6 13. h3 Nxd2 14.
Nxd2 Ne4 15. Rfe1 Qe7 16. Nf1 g6 17. Nc3 Bd7 18. a3 Rae8 19. Re2 Rf7 20. b4
Nxc3 21. Qxc3 b5 22. Rce1 Qh4 23. f4 g5 24. g3 Qh6 25. Qd2 Rg7 26. Kh2 g4 27.
h4 Qh5 28. Qa2 a6 29. Nd2 Re6 30. Nb3 Rh6 31. Kg1 Be7 32. Rh2 Qg6 33. Qg2 Qf7
34. Nc5 Bxc5 35. bxc5 a5 36. Qd2 a4 37. Qa5 Bc8 38. Qd8+ Qf8 39. Qxf8+ Kxf8 40.
Rb2 1/2-1/2

[Event "Detroit (MI Op/2/39)"]
[Site "?"]
[Date "1994.??.??"]
[Round "?"]
[White "Smith, Daryn"]
[Black "Brady, Lindell"]
[Result "1/2-1/2"]
[WhiteElo "1815"]
[BlackElo "1935"]
[PlyCount "157"]
[EventDate "1994.??.??"]

{2/(39)} 1. d4 Nf6 2. c4 e6 3. Nc3 Bb4 4. Qc2 c5 5. Nf3 Nc6 6. e3 O-O 7. Bd3 h6
8. O-O cxd4 9. exd4 d5 10. c5 Bxc3 11. Qxc3 Bd7 12. Bf4 Ne8 13. b4 a6 14. a4
Nf6 15. b5 Na7 16. b6 Nc6 17. Bc7 Qc8 18. Rfe1 Ne8 19. Bg3 f5 20. Be5 Nf6 21.
Bd6 Rf7 22. Ne5 Nxe5 23. Bxe5 Ne4 24. Qc2 Qd8 25. f3 Nf6 26. Qf2 Nh5 27. g3 Qg5
28. Re2 Nf6 29. h4 Qh5 30. Qg2 Nh7 31. Qf1 Nf6 32. Rh2 Ne4 33. Qg2 Nf6 34. Qe2
Rff8 35. g4 fxg4 36. fxg4 Qxg4+ 37. Qg2 h5 38. Rh3 Qxg2+ 39. Kxg2 Ng4 40. Bd6
Rf2+ 41. Kg1 Rd2 42. Rf3 Nh6 43. Bf4 Rb2 44. Bc1 Rb4 45. Bxh6 gxh6 46. Rg3+ Kh8
47. Rf1 Rg8 48. Rxg8+ Kxg8 49. a5 Rxd4 50. Bxa6 bxa6 51. Rb1 Bc6 52. b7 Bxb7
53. Rxb7 Rc4 54. Rc7 d4 55. Kf2 e5 56. Ke2 e4 57. Rc6 Rc2+ 58. Kd1 d3 59. Rxa6
Rxc5 60. Re6 Rxa5 61. Rxe4 Rd5 62. Kd2 Kg7 63. Re3 Kf6 64. Rxd3 Rxd3+ 65. Kxd3
Kf5 66. Ke3 Kg4 67. Kf2 Kxh4 68. Kg2 Kg4 69. Kh2 h4 70. Kg2 h3+ 71. Kh2 h5 72.
Kh1 Kg3 73. Kg1 Kf3 74. Kh2 Kg4 75. Kh1 Kg3 76. Kg1 Kh4 77. Kh2 Kg4 78. Kh1 Kf3
79. Kg1 1/2-1/2

[Event "Ann Arbor (MLS Oct-Nov)"]
[Site "?"]
[Date "1994.??.??"]
[Round "?"]
[White "Smith, Daryn"]
[Black "Ashton, Jeff"]
[Result "1-0"]
[WhiteElo "1815"]
[BlackElo "1605"]
[PlyCount "93"]
[EventDate "1994.??.??"]

1. d4 d5 2. c4 c6 3. Nc3 Nf6 4. Bg5 dxc4 5. Bxf6 exf6 6. e3 b5 7. Nf3 Bb4 8.
Be2 Bf5 9. O-O Nd7 10. Rc1 O-O 11. a3 Bxc3 12. Rxc3 Nb6 13. Rc1 Rc8 14. Nd2 Re8
15. Nb1 Nd5 16. b3 Bxb1 17. Rxb1 Nc3 18. Qc2 Nxb1 19. Rxb1 cxb3 20. Rxb3 Re7
21. h3 a6 22. Rc3 g6 23. Bf3 Qd6 24. Bxc6 Rec7 25. d5 f5 26. Qb3 Kf8 27. f3 f6
28. Kf2 Re7 29. Qb4 Qxb4 30. axb4 Rec7 31. e4 fxe4 32. fxe4 Rb8 33. Ke3 Ke7 34.
Kd4 Kd6 35. h4 Rg7 36. Rf3 Rf7 37. g4 h6 38. g5 hxg5 39. hxg5 Rbf8 40. gxf6 Kc7
41. e5 g5 42. Kc5 g4 43. Rg3 a5 44. d6+ Kd8 45. bxa5 b4 46. Rxg4 b3 47. Rb4 1-0